Hutan hujan tropika di Timur Jauh

Bibliographic Details
Main Author: WHITMORE (Timothy Charles)
Other Authors: Noraini Mohd. Tamin
Format: Book
Published: Kuala Lumpur : DBP , 1991
Subjects:

MARC

LEADER 00000cam a2200000 7i4500
001 0000000310
005 20010730.0
020 0 0 |a 9836219773 
090 0 0 |a 577.340959   |b WHI 1991 
100 1 0 |a WHITMORE   |h T. C. [  |q (Timothy Charles)] 
245 1 0 |a Hutan hujan tropika di Timur Jauh   |c T. C. Whitmore   |f penterjemah Noraini Mohd. Tamin 
260 0 0 |a Kuala Lumpur :   |b DBP ,   |c 1991 
300 |a xvi, 440 p. :   |b ill. ;   |c 25 cm. 
500 0 0 |a Bibliography: [p. 368-410] and index 
650 0 0 |a Forests and forestry   |z Asia, Southeastern 
650 0 0 |a Rain forests ecology   |z Asia, Southeastern 
650 0 0 |a Rain forests   |z Asia, Southeastern 
700 0 1 |a Noraini Mohd. Tamin 
998 |a JPSM 
999 |a 0000001480   |b Monograph   |c Open Shelf   |e Default branch